Регионална библиотека "Любен Каравелов" - Русе

География - геополитика (Запис номер 181761)

MARC детайли
000 -Лидер
Контролно поле с фиксирана дължина nam a22 a 4500
003 - Код на организацията, давaща контролен номер
Контролно поле BLK
005 - Дата и час на последна редакция
Контролно поле 20230328155255.0
008 - Елементи от данни с фиксирана дължина
fixed length control field 180411b bul|||||r ||||||| ||bul||
010 ## - Наследен системен номер
LC control number KNG00190667000
020 ## - Международен стандартен номер на книга ISBN
Международен стандартен номер на книга ISBN 954-07-0035-3
040 ## - Източник на каталожния запис
Идентификатор на билиотеката - собственик на записа BLK
041 ## - Код за език
Код за езика на текст/звукозапис или на отделно заглавие Български
Код за езика КДБФ Български
080 ## - УДК
Текстов определител УДК Политическа география
УДК код - определител по УДК 911.3:32
УДК - код + определител 911.3:32
080 ## - УДК
Текстов определител УДК Геополитика
УДК код - определител по УДК 327:911.3
УДК - код + определител 327:911.3
139 ## - Редно поле
Редна дума География - геополитика
Авторски знак Гео - Г 34
245 10 - Сведения за заглавието
Заглавие География - геополитика
Подзаглавни данни Сб. изследвания : Кн. 1 -
Редно поле (дума) състав. Марин Петров Бъчваров; състав. Стефан Петров Карастоянов; авт. на том Стефан Петров Карастоянов; * Жорж Превелакис; * Виганд Ритер; * В. А. Дъглас Джексън; * Сергей Борисович Лавров; * Николай Маратович Межевич; * Петер Йордан; * Мишел Сивиньон; * Стефан Борисов Велев; * Мишел Фуше.
Том Кн. 1
257 ## - Страна на издаване
Страна на създаване/издаване Сборници - Свят
260 ## - Област на издателските данни
Място на издаване, разпространение и проч. София
Име на издателя, разпространителя и проч. Унив. изд. Св. Климент Охридски
Година на издаване 1992 -
9 (RLIN) 209716
Издателство - префикс ISBN 978-954-07- ; 954-9399-
300 ## - Физическа характеристика
Размери/Мащаб 20 см
380 ## - Жанр
Жанр География
500 ## - Общи забележки
Забележка Офс. изд.
650 #4 - Допълнително описание по предмет – тема
Основно описание – тема или топоним Политическа география
9 (RLIN) 257535
653 ## - Ключова дума – ненормативна
Ключова дума геополитика
653 ## - Ключова дума – ненормативна
Ключова дума политическа география
653 ## - Ключова дума – ненормативна
Ключова дума международни отношения
700 1# - Други автори (авторска отговорност)
Лично име Бъчваров, Марин Петров
Автороска отговорност (Описва отношението между автора и произведението) състав.
9 (RLIN) 364621
700 1# - Други автори (авторска отговорност)
Лично име Карастоянов, Стефан Петров
Автороска отговорност (Описва отношението между автора и произведението) състав.
9 (RLIN) 365385
700 1# - Други автори (авторска отговорност)
Лично име Карастоянов, Стефан Петров
Автороска отговорност (Описва отношението между автора и произведението) авт. на том
9 (RLIN) 365385
700 1# - Други автори (авторска отговорност)
Лично име Превелакис, Жорж
Автороска отговорност (Описва отношението между автора и произведението) *
9 (RLIN) 342705
700 1# - Други автори (авторска отговорност)
Лично име Ритер, Виганд
Автороска отговорност (Описва отношението между автора и произведението) *
9 (RLIN) 342706
700 1# - Други автори (авторска отговорност)
Лично име Джексън, В. А. Дъглас
Автороска отговорност (Описва отношението между автора и произведението) *
9 (RLIN) 342707
700 1# - Други автори (авторска отговорност)
Лично име Лавров, Сергей Борисович
Автороска отговорност (Описва отношението между автора и произведението) *
9 (RLIN) 342708
700 1# - Други автори (авторска отговорност)
Лично име Межевич, Николай Маратович
Автороска отговорност (Описва отношението между автора и произведението) *
9 (RLIN) 94569
700 1# - Други автори (авторска отговорност)
Лично име Йордан, Петер
Автороска отговорност (Описва отношението между автора и произведението) *
9 (RLIN) 342709
700 1# - Други автори (авторска отговорност)
Лично име Сивиньон, Мишел
Автороска отговорност (Описва отношението между автора и произведението) *
9 (RLIN) 120009
700 1# - Други автори (авторска отговорност)
Лично име Велев, Стефан Борисов
Автороска отговорност (Описва отношението между автора и произведението) *
9 (RLIN) 380784
700 1# - Други автори (авторска отговорност)
Лично име Фуше, Мишел
Автороска отговорност (Описва отношението между автора и произведението) *
9 (RLIN) 342710
760 1# - Описание на основната серия
Място на издаване, издател и година Унив. изд. Св. Климент Охридски, 1992
Страници - том 168 с. : с к.
Забележка - том Други авт. : Ж. Превелакис, В. Ритер, В. А. Дъглас Джексън, С. Лавров, Н. Межевич, П. Йорданов, М. Сивиньон, М. Бъчваров, Ст. Велев, М. Фуше. - Кн. е съвместен труд на бълг., фр., нем., амер., рус. и австр. авт. - тир. - 2 065 тир. - Библиогр. след отд. материали ; Рез. на англ. ез.
Заглавие Кн. 1
852 ## - Местоположение
Форматна сигнатура Цб 171405
Фондова буква Хранилище
856 4# - Електронен адрес и достъп
Електронен формат pdf - файл
Инструкция (цена за достъп) 0.00
Права за достъп disable
856 4# - Електронен адрес и достъп
Електронен формат pdf - файл
Инструкция (цена за достъп) 0.00
Права за достъп disable
999 ## - СИСТЕМНИ КОНТРОЛНИ НОМЕРА
Koha biblionumber 181761
Koha biblioitemnumber 181761
942 ## - АРТИКУЛИ
Вид на библиотечния материал Книги
Скрит в OPAC Не
Периодичен библиозапис Да
944 ## - СЪЗДАВАНЕ И РЕДАКЦИЯ на ЗАПИСА
Създаване/Редакция Създаване
Дата на регистрацията/редакция 19.09.2016
Статус, дата на статуса ф /
Служител, извършил регистрацията/редакцията Людмила_Стоянова
944 ## - СЪЗДАВАНЕ И РЕДАКЦИЯ на ЗАПИСА
Създаване/Редакция Редакция
Дата на регистрацията/редакция 19.09.2016
Статус, дата на статуса ф /
Служител, извършил регистрацията/редакцията Людмила_Стоянова
999 ## - СИСТЕМНИ КОНТРОЛНИ НОМЕРА
Koha biblioitemnumber 181761
Наличности
Код за отписване Код за изгубен артикул Източник на класификационната схема Код за повреда Коз за рестрикции Код за отдаване Артикулен № Име на библиотеката - собственик Име на библиотеката, в която се намира в момента Статус (Текущо местоположение) Дата на вписване в системата Местоположение - отдел Цена в лева Инвентарен номер Систематично азбучна сигнатура Баркод Номер на екземпляра Цена в евро Служебна бележка Служебен тип на артикула
  Не е изгубен Universal Decimal Classification Не е повреден без рестрикции ползва се в читалня 311372 Регионална библиотека "Любен Каравелов" Русе Регионална библиотека "Любен Каравелов" Русе Хранилище 1992-01-01 Хранилище 37.00 575554 Цб 171405 120000575554 1 18.92 Дост: Dp Вид: Д N: стар фонд Дата: 01.01.1992 Книги
  Не е изгубен Universal Decimal Classification Не е повреден без рестрикции заемане за дома 311373 Регионална библиотека "Любен Каравелов" Русе Регионална библиотека "Любен Каравелов" Русе Заемна - подръчен фонд 1992-01-01 Заемна - подръчен фонд 1.30 577027 911/Г 34 120000577027 2 0.66 Дост: Pk Вид: Ф N: стар фонд Дата: 01.01.1992 Дата инв: 07.02.2018 Бележки инв: П2018 Книги
Vip Innovations Ltd, Rousse, Bulgaria 2025